Normal view
MARC view
- Heydari, Elaheh.
Entry Personal Name
001 - CONTROL NUMBER
- control field: 53915
003 - CONTROL NUMBER IDENTIFIER
- control field: OSt
005 - DATE AND TIME OF LATEST TRANSACTION
- control field: 20240301142025.0
008 - FIXED-LENGTH DATA ELEMENTS
- fixed length control field: 240301|| aca||aabn | a|a d
040 ## - CATALOGING SOURCE
- Original cataloging agency: OSt
- Transcribing agency: OSt
100 ## - HEADING--PERSONAL NAME
- Personal name: Heydari, Elaheh.
- Relator term: author.
670 ## - SOURCE DATA FOUND
- Source citation: Work cat.: (OSt): Heydari, Elaheh. author., A dual-function power decoupling circuit for single-stage grid-connected PV inverter /, June 2022.
